000
00263nam a2200085Ia 4500
008
220204s9999 xx 000 0 und d
082
_a
030.8:801.323.1
_b
OXF
245
0
_a
Oxford English dictionary: A new English dictionary of historical principles. 13 V
942
_c
BK
999
_c
20371
_d
20371